Activos intangibles, una perspectiva de precios de transferencia

Bibliographic Details
Format: eBook
Language:Spanish
Published: Mx̌ico D.F. : Instituto Mexicano de Contadores Pb︢licos, 2012
Subjects:
Online Access:http://www.vlex.com/source/7125

MARC

LEADER 00000nam a22000007a 4500
005 20130225161311.0
007 cr|||| ||||
008 130225e2012 mx |||||s|||| 00||0 spa d
020 |a 978-6077-6212-01 
035 |a 7125 
040 |a vLex 
090 |c 3748  |d 3748 
245 0 0 |a Activos intangibles, una perspectiva de precios de transferencia  |h [Recurso electrn̤ico] 
256 |a Servicio en ln̕ea 
260 |a Mx̌ico D.F. :  |b Instituto Mexicano de Contadores Pb︢licos,   |c 2012  
300 |a 1 Recurso electrn̤ico 
650 0 4 |a Empresa  |z Mx̌ico 
650 0 4 |a Contabilidad  |z Mx̌ico 
650 0 4 |a administracin̤ (Management)  |z Mx̌ico 
740 |a vLex Libros (Servicio en ln̕ea) 
856 |a Acceso restringido  |u http://www.vlex.com/source/7125 
942 |c BOOK 
999 0 |a Accounting